000 00265nam a22001217a 4500
008 181004b xxu||||| |||| 00| 0 eng d
041 _aeng
080 _a710
100 _a45
101 _aART
245 _aThe age Of Baroque Art
_cKitson ,M
942 _2udc
_cBK
999 _c48847
_d48847